Films Set In UK - Sudden Death - Statistics

General Stats
  • This quiz has been taken 59,043 times
    56,900 since last reset
  • The average score is 8 of 22
Answers on the Grid
Answers color-coded by a green-red scale on the quiz's grid according to % correct below.
28 Days Later
A Clockwork Orange
Braveheart
Bridget Jones's Diary
Ferris Bueller's Day Off
Goodfellas
Gosford Park
Hot Fuzz
King Richard
Love Actually
Mr. Bean's Holiday
Notting Hill
Oliver!
Paddington
Pride and Prejudice
Robin Hood
Saltburn
Snatch
The Bank Job
The Big Short
The Breakfast Club
The Elephant Man
The Great Escape
The Imitation Game
The King's Speech
The Last King of Scotland
The Pianist
The Queen
The Remains of the Day
The Revenant
The Shawshank Redemption
The Theory of Everything
Trainspotting
 
Answer Stats
Answer % Correct
Bridget Jones's Diary
61%
Braveheart
60%
28 Days Later
53%
A Clockwork Orange
47%
Robin Hood
47%
Love Actually
46%
The King's Speech
45%
Paddington
43%
Notting Hill
42%
Hot Fuzz
41%
The Queen
37%
Pride and Prejudice
35%
Oliver!
34%
Gosford Park
28%
Trainspotting
28%
The Theory of Everything
26%
The Imitation Game
25%
Saltburn
24%
Snatch
19%
The Elephant Man
19%
The Remains of the Day
14%
The Bank Job
11%
No matching quizzes found
Score Distribution
Percent of People with Each Score
Percentile by Number Answered
Your Score History
You have not taken this quiz since the last reset